Simulation

Αποθηκεύτηκε σε:
Λεπτομέρειες βιβλιογραφικής εγγραφής
Άλλοι συγγραφείς: Henderson, Shane G. (Επιμελητής έκδοσης), Nelson, Barry L. (Επιμελητής έκδοσης)
Μορφή: Βιβλίο
Γλώσσα:Αγγλικά
Έκδοση: Oxford Elsevier 2006
Έκδοση:1a. ed
Σειρά:Handboocks in operation research and management science
Θέματα:
Ετικέτες: Προσθήκη ετικέτας
Δεν υπάρχουν, Καταχωρήστε ετικέτα πρώτοι!

MARC

LEADER 00000nam a2200000 a 4500
001 UCI0902
003 CL-VaPUC
005 20240531093356.0
008 070601e20060000UK |||||||||||||||||eng|d
999 |c 325873  |d 325871 
020 |a 9780444514288 
040 |c Pontificia Universidad Católica de Valparaíso 
082 0 4 |a 003.3  |b HED  |2 21 
100 1 |a Henderson, Shane G.  |e editor  |9 874718 
245 1 0 |a Simulation 
250 |a 1a. ed 
260 |a Oxford  |b Elsevier  |c 2006 
300 |a 678 p 
490 0 |a Handboocks in operation research and management science 
583 |a last modification  |c 20140406 05:10:33  |k Rodrigo Vera 
650 0 |a Simulación por computador  |9 260988 
650 7 |a METODOS DE SIMULACION  |2 CL-VaPUC  |9 260497 
650 0 |a Aplicaciones de computadores  |9 260401 
700 |a Nelson, Barry L.  |e editor  |9 521095 
942 |c BK  |2 ddc 
945 |d 20070601 00:00:00  |a jtorresc 
952 |0 0  |1 0  |4 0  |6 003_300000000000000_HED_2006  |7 0  |8 A  |9 407336  |a BIBING  |b BIBING  |d 2019-11-22  |h v.13  |i 4343980  |o 003.3 HED 2006  |p 4343980  |r 2024-01-25  |w 2019-11-22  |y BK  |k EII